000 00859nam a22002177a 4500
999 _c17207
_d17207
003 AR-CdUCM
008 190507b ||||| |||| 00| 0 spa d
040 _aMUNICIPALIDAD PROVINCIAL DEL CUSCO
_cBIBLIOTECA MUNICIPAL DEL CUSCO
041 _hlat
082 _22ed.
_a108 /
_bO28
100 _aOccam, Guillermo De
_937083
245 _aTratado sobre los principios de la teología /
260 _aBuenos Aires :
_bAguilar,
_c1962.
300 _a162 páginas ;
_c16 cm.
440 _aBiblioteca de iniciación filosófica ;
_n58
_937084
505 _aContenido:De las relaciones y de los números -- De la pasión -- Sobre el genero, la especie y la diferencia -- Sobre la distinción de los conceptos -- De las suposiciones...
650 _aTeología
_93537
700 _aFarré, Luis, (traductor)
_929779
942 _2ddc
_cLIBROS
945 _aacv
_d2019-05-07